000 01544cam a2200469 c 4500
001 160254922
003 DE-627
005 20250415091736.0
007 tu
008 940902s1987 gw ||||| 00| ||ger c
015 _a87,A33,1414
_2dnb
016 7 _a870913662
_2DE-101
020 _a3875841948
_c : DM 29.80 (Gewebe)
035 _a(DE-627)160254922
035 _a(DE-599)GBV020490208
035 _a(OCoLC)246615804
040 _aDE-627
_bger
_cDE-627
_erakwb
_dDE-2950
041 _ager
044 _cXA-DE
084 _a65
_a59
_2sdnb
084 _a15.46
_2bkl
084 _a71.80
_2bkl
084 _a15.09
_2bkl
100 1 _aKirchner, Wolfgang
_4aut
245 1 0 _aBankier für Preußen/
_cvon Wolfgang Kirchner
250 _a1. Aufl.
264 1 _aBerlin:
_bNicolai,
_c1987
300 _a194, 99 S.
_bIll.
_c24 cm
336 _aText
_btxt
_2rdacontent
337 _aohne Hilfsmittel zu benutzen
_bn
_2rdamedia
338 _aBand
_bnc
_2rdacarrier
500 _aDie Vorlage enth. insgesamt 2 Werke: 1. Bankier für Preußen : [mit Tagebuchaufzeichnungen von Christian Rother] von Wolfgang Kirchner; 2. Die Preußische Seehandlung / von Wolfgang Radtke
653 0 _aRother, Christian von
_a1778-1849
653 0 _aPreussische Staatsbank (Seehandlung)
_aHistory
653 0 _aPrussia (Germany)
_aEconomic conditions
700 1 _aRother, Christian
_d1778-1849
_0(DE-588)118603256
_0(DE-627)079394760
_0(DE-576)20908913X
_4oth
936 b k _a15.46
936 b k _a71.80
936 b k _a15.09
942 _2z
_cB
951 _aBO
999 _c373709
_d373709